000 01935cam a2200385 a 4500
001 15609774
003 OSt
005 20260313101444.0
008 090203s2009 ilua b 000 1 eng
010 _a 2009004765
020 _a9781433506994
_qhc
035 _a15609774
040 _aDLC
_cDLC
_dDLC
050 0 0 _aPR3330.A2
_bL68 2009
082 0 0 _a823/.4
_222
100 1 _aBunyan, John,
_d1628-1688.
245 1 4 _aThe pilgrim's progress :
_bfrom this world to that which is to come /
_cJohn Bunyan ; updated by C.J. Lovik ; illustrated by Michael Wimmer.
250 _a[Updated version].
260 _aWheaton, Ill. :
_bCrossway Books,
_c2009.
300 _a240 p. :
_bcol. ill. ;
_c24 cm.
336 _atext
_btxt
_2rdacontent
337 _aunmediated
_bn
_2rdamedia
338 _avolume
_bnc
_2rdacarrier
504 _aIncludes bibliographical references (p. [224]-240).
505 0 _aPilgrim's great distress -- The way of the world or the narrow way -- A burden lifted and a journey begun -- A fierce battle and a dark valley -- A faithful friend -- A faith beyond words -- On trial for the gospel -- Confronting worldly attachments -- Refreshment at God's river -- Prisoners of despair -- Shepherds' warnings, dangers avoided -- Faith under attack -- Flattering enemies and renewed trust -- Stubborn ignorance -- Home in the celestial city.
650 0 _aChristian pilgrims and pilgrimages
_vFiction.
650 0 _aChristian life
_vFiction.
655 7 _aChristian fiction.
_2gsafd
655 7 _aFiction.
_2lcgft
_0https://id.loc.gov/authorities/genreForms/gf2014026339
700 1 _aLovik, Craig John,
_d1946-
906 _a7
_bcbc
_corignew
_d1
_eecip
_f20
_gy-gencatlg
942 _2lcc
_cBK
999 _c21343
_d21342